Opera. tomo 2 [jenofonte] /

Guardado en:
Autor Principal: Jenofonte
Formato: Libro
Publicado: London : Heinemann ; Cambridge [massachusetts], 1950
Materias:
Etiquetas: Agregar Etiqueta
Sin Etiquetas, Sea el primero en etiquetar este registro!
LEADER 00634nam a22001815a 4500
001 EHU.bham011621
003 AR-BHAM
005 20071207153747.0
008 130507s1950##################000#0#####d
082 8 8 |a 888 
100 1 |a Jenofonte 
245 1 0 |a Opera. tomo 2 [jenofonte] /  |c Jenofonte 
260 |a London :  |b Heinemann ; Cambridge [massachusetts],  |c 1950 
300 |a 513 p. 
500 |a With an english translation by Carleton L. Brownson Texto en inglés y griego 
505 0 |a Hellenica, Books VI & VII -- Anabasis, Books I-III 
653 |a Miscelanea griega 
859 |a AR-BHAM  |b BIB. HUMANIDADES - General  |h 888  |i J451-1  |p 290.59  |t Ej.1  |v II  |3 II